000 00499nam a22001817a 4500
003 OSt
005 20240812114515.0
008 240812b |||||||| |||| 00| 0 eng d
020 _a978-81-264-7382-3
040 _cSBCL
082 _a894.8123
_bAEC-B
100 _aAechikkanam,Santhosh
245 _aBiriyani
260 _aKottayam
_bDC Books
_c2023
300 _a104p.
650 _2Literature & rhetoric
_aLiteratures of other languages
_vAltaic, Uralic, Hyperborean & Dravidian
942 _cBOOK
999 _c136212
_d136212